000
00309nam a22001217a 4500
020
_a
9788120336155
082
_a
624.18341
_b
VAR/DE
100
_a
Varghese, P.C
245
_a
Design of reinforced concrete foundations
260
_a
New Delhi
_b
PHI Learning Private Limited
_c
2011
300
_a
434p
942
_c
BK
999
_c
13781
_d
13781